Pays ayant eu un Ballon d'Or – Mort subite - Statistiques

Statistiques générales
  • Ce quiz a été pris 450 fois
  • Le résultat moyen est 10 sur 20
Answers on the Grid
Answers color-coded by a green-red scale on the quiz's grid according to % correct below.
France
Argentine
Brésil
Espagne
Pays-Bas
Allemagne
Italie
Angleterre
Union soviétique
Croatie
Ukraine
Portugal
Libéria
Bulgarie
Irlande du Nord
Écosse
Hongrie
République tchèque
Danemark
Tchéquoslovaquie
Côte d'Ivoire
Cameroun
Égypte
Botswana
Sénégal
Russie
Yougoslavie
Pays de Galles
Irlande
Pologne
Belgique
Turquie
États-Unis
Kazakhstan
Suède
 
Statistiques - réponses
Réponse % Correct
France
72%
Brésil
69%
Italie
69%
Espagne
67%
Portugal
66%
Argentine
64%
Allemagne
62%
Angleterre
61%
Pays-Bas
58%
Croatie
57%
Libéria
46%
Ukraine
42%
République tchèque
40%
Hongrie
36%
Union soviétique
36%
Bulgarie
31%
Irlande du Nord
31%
Écosse
25%
Danemark
20%
Tchéquoslovaquie
19%
Aucun quiz correspondant
Distribution des résultats
% des personnes avec chaque résultat
Percentile par nombre de réponses
Votre historique - résultats
Vous n’avez pas pris ce quiz